| 000 | 00000nam##2200000za#4500 |
| 001 | 9.587627 |
| 003 | CaOODSP |
| 005 | 20210624194726 |
| 007 | cr ||||||||||| |
| 008 | 150406|2008||||xxc|||||o f|0| 0 eng|d |
| 022 | |a1701-1280 |
| 040 | |aCaOODSP|beng |
| 041 | |aeng |
| 041 | |afre |
| 043 | |an-cn--- |
| 086 | 1 |aFs70-4/2008-012-PDF |
| 110 | 1 |aCanada. |bDepartment of Fisheries and Oceans. |
| 245 | 10|aReview of potential impacts of polybrominated diphenyl ethers (PBDEs) in the aquatic environment : |h[electronic resource]|bVideo and teleconference call / |cWayne Fairchild, chair; Boumy Sayavong, editor. |
| 260 | |aOttawa - Ontario : |bFisheries and Oceans Canada |cJuly 2008. |
| 300 | |a18p.|btable |
| 490 | 1 |aCanadian Science Advisory Secretariat proceedings series|x1701-1280|v2008/012 |
| 500 | |a"January 24th, 2008, 11:00AM to 3:00PM, Ottawa/Eastern Standard Time". |
| 590 | |a11-31-Supp|b2011-12-13 |
| 792 | |tExamen des impacts potentiels des polybromodiphényléthers (PBDE) dans l'environnement aquatique : |efre|w(CaOODSP)9.587628 |
| 830 | #0|aProceedings series (Canadian Science Advisory Secretariat)|x1701-1280|v2008/012|w(CaOODSP)9.500507 |
| 856 | 40|ahttp://publications.gc.ca|qPDF|s93 KB|uhttps://publications.gc.ca/collections/collection_2011/mpo-dfo/Fs70-4-2008-012.pdf|y2008/012 |